Can you keep up with the Kardashians? Quiz Stats

 Plays Quiz not verified by Sporcle

Support Sporcle.
Go Orange.
Score 0/12 Timer 02:00
0 Plays Today
questions % Correct
Who is older Kendall or Kylie? Kendall
85.1%
Who is Khloe's Husband?Lamar
79.2%
Do you like the show? (if not then why are you playing this quiz?:Pyes
73.1%
How tall is Kim? 5'2
51.5%
Who does the Kardashian family disapprove of?Scott
49.8%
Who is the Kardashians work out instructorStorm
30.7%
What is Mason Kardashian/Disick's birthday?December 14
17.8%
Who is Kim's bodyguard?Shango
16.5%
What is Rob's middle name? Arthur
10.7%
When Kim, Kourtney, and Khloe got back from New York, what are the two things Bruce got?Hair cut, ears pierced
8.7%
How much did Khloe's ring cost? million
6.4%
What does is the third thing Kris says: 'I feel like I need ________ and the dress is too short, and the shoes are all wrong.' Spanks
6.3%

You're not logged in!

Compare scores with friends on all Sporcle quizzes.
OR
Log In

From the Vault

2008 Redeem Team Photo

by MitchellGoosen

Commence debate about a hypothetical Dream Team vs. Redeem Team matchup.
Remove Ads.
Support Sporcle.
Get the best of Sporcle when you Go Orange. This ad-free experience offers more features, more stats, and more fun while also helping to support Sporcle. Thank you for becoming a member.

Show Comments

Extras

Created Feb 11, 2011ReportNominate
Tags:Karmathian

Top Quizzes Today


Score Distribution

Your Account Isn't Verified!

In order to create a playlist on Sporcle, you need to verify the email address you used during registration. Go to your Sporcle Settings to finish the process.

Report this User

Report this user for behavior that violates our Community Guidelines.

Details: